[Event "Cappelle op"]
[Site "Cappelle la Grande"]
[Date "1995.??.??"]
[Round "9"]
[White "Rausis, Igors"]
[Black "Lisenko, Alexander V"]
[Result "1-0"]
[WhiteElo "2495"]
[BlackElo "2390"]

1.e4 c5 2.c3 Nf6 3.e5 Nd5 4.Nf3 Nc6 5.d4 cxd4 6.cxd4 d6 7.Bc4 Nb6 8.Bb3 dxe5
9.d5 Na5 10.Nc3 Nxb3 11.Qxb3 e6 12.Nxe5 Nxd5 13.Qb5+ Bd7 14.Qxb7 Qc8 15.Qxd7+ Qxd7
16.Nxd7 Kxd7 17.Nxd5 exd5 18.Be3 Bb4+ 19.Ke2 Rhc8 20.Rhc1 a6 21.Kd3 Bd6 22.Bd4 Rxc1
23.Rxc1 g6 24.h3 Rc8 25.Rc3 Rb8 26.Kc2 Rb4 27.Bc5 Ra4 28.Bxd6 Kxd6 29.a3 Re4
30.Kd2 Rd4+ 31.Rd3 Rf4 32.f3 Ra4 33.Re3 a5 34.Kc2 h5 35.b3 Rd4 36.Re2 h4
37.Rd2 Rf4 38.Kd3 Rf5 39.Rc2 Re5 40.Re2 Rf5 41.Re8 Rg5 42.Re2 Rf5 43.Rc2 Re5
44.Kd2 Re8 45.b4 axb4 46.axb4 Rb8 47.Rb2 Rb5 48.Ke3 Ke5 49.Rb3 Kf5 50.Rb1 Ke5
51.Rb2 Kf5 52.Rb3 Ke5 53.Rb1 d4+ 54.Kd3 Kd5 55.f4 Rb6 56.b5 Kc5 57.Rb2 f6
58.Rc2+ Kd5 59.Rc4  1-0

[Event "Cappelle op"]
[Site "Cappelle la Grande"]
[Date "1995.??.??"]
[Round "9"]
[White "Dubois, Martine"]
[Black "Skripchenko, Almira"]
[Result "0-1"]
[WhiteElo "2105"]
[BlackElo "2260"]

1.e4 c5 2.c3 Nf6 3.e5 Nd5 4.d4 cxd4 5.Nf3 Nc6 6.cxd4 d6 7.Nc3 Nxc3 8.bxc3 g6
9.Bf4 Qa5 10.Qd2 dxe5 11.Nxe5 Nxe5 12.dxe5 Bg7 13.Rb1 O-O 14.Rb5 Qa3 15.c4 b6
16.Qb2 Qxb2 17.Rxb2 Be6 18.Bd3 Rac8 19.O-O Bxc4 20.Bxc4 Rxc4 21.g3 Rd8 22.Re2 e6
23.Rfe1 Rd5 24.Kg2 h6 25.h4 Bf8 26.Re4 b5 27.Rxc4 bxc4 28.Rc1 Rc5 29.Be3 Rc7
30.Bd4 Bb4 31.Bc3 Bxc3 32.Rxc3 Rc5 33.f4 Ra5 34.a3 Kg7 35.Kf3 g5 36.hxg5 hxg5
37.Ke4 Kg6 38.Kd4 Ra4 39.Kc5 a6 40.Kd6 gxf4 41.gxf4 Kf5 42.Rc1 Kxf4 43.Rf1+ Ke3
44.Rxf7 c3 45.Kxe6 c2 46.Rc7 Kd3 47.Rd7+ Rd4 48.Rxd4+ Kxd4 49.Kd7 c1=Q 50.e6  0-1

[Event "Castiglione op"]
[Site "Castiglione"]
[Date "1995.??.??"]
[Round "7"]
[White "Satta, Vladimiro"]
[Black "Mantovani, Renzo"]
[Result "0-1"]
[WhiteElo "2300"]
[BlackElo "2365"]

1.e4 c5 2.c3 Nf6 3.e5 Nd5 4.d4 cxd4 5.Nf3 e6 6.cxd4 b6 7.Nc3 Nxc3 8.bxc3 Qc7
9.Bd2 Be7 10.Bd3 Ba6 11.Bxa6 Nxa6 12.O-O O-O 13.Qe2 Nb8 14.Bg5 Nc6 15.Qd3 d5
16.exd6 Bxd6 17.Bh4 h6 18.Bg3 Rfd8 19.Rac1 Rac8 20.Rfe1 Bf4 21.Re4 Bxg3 22.hxg3 Na5
23.g4 Rd5 24.g3 Nc4 25.Kg2 Qc6 26.Qe2 Nd6 27.c4 Nxe4 28.Qxe4 Rc5 29.Qxc6 R5xc6
30.Ne5 R6c7 31.Re1 Rd8 32.Re4 f6 33.Nf3  0-1

[Event "Catania op"]
[Site "Catania"]
[Date "1995.??.??"]
[Round "3"]
[White "Bouaziz, Slim"]
[Black "Martorelli, Antonio"]
[Result "1-0"]
[WhiteElo "2435"]
[BlackElo "2320"]

1.e4 c5 2.c3 Nf6 3.e5 Nd5 4.d4 cxd4 5.Nf3 e6 6.cxd4 d6 7.a3 Nd7 8.Bc4 dxe5
9.Bxd5 exd5 10.dxe5 Nc5 11.Nc3 Bf5 12.O-O Be7 13.b4 d4 14.Ne2 Nd7 15.Nfxd4 Bg4
16.h3 Bxe2 17.Qxe2 O-O 18.Rd1 Qe8 19.Nf5 Bf6 20.f4 g6 21.Nd6 Qe7 22.Bb2 Bg7
23.Rac1 Nb6 24.Qf3 Rab8 25.Bd4 Rfd8 26.Qb3 Rd7 27.Bc5 Qh4 28.Rf1 Rbd8 29.Rcd1 Bf8
30.Bf2 Qh6 31.Nxf7 Rxf7 32.Rxd8 Kg7 33.Be3 Qh4 34.Rd2 Rc7 35.Rc2 Rd7 36.Rd2 Rc7
37.Bd4 Nc4 38.Rc2 b5 39.Qd3 Kg8 40.Qe4 Qd8 41.e6 Qe7 42.f5  1-0

[Event "Catania op"]
[Site "Catania"]
[Date "1995.??.??"]
[Round "3"]
[White "Manca, Federico"]
[Black "Cherniaev, Alexander"]
[Result "1/2-1/2"]
[WhiteElo "2355"]
[BlackElo "2450"]

1.e4 c5 2.c3 Nf6 3.e5 Nd5 4.d4 cxd4 5.Nf3 Nc6 6.Bc4 Nb6 7.Bb3 g6 8.cxd4 Bg7
9.Nc3 O-O 10.O-O d6 11.exd6 Qxd6 12.h3 Nxd4 13.Nxd4 Qxd4 14.Qf3 Qf6 15.Qg3 Be6
16.Bg5 Qf5 17.Bxe7 Rfe8 18.Bxe6 Qxe6 19.Rfe1 Qc6 20.Qh4 Nd5 21.Nxd5 Qxd5
22.Bf6 Rxe1+ 23.Rxe1 Qd2 24.Kf1 Bxf6 25.Qxf6 Rc8 26.a3 a6 27.h4 h5 28.g3 a5
29.Re5 Qd7 30.Kg2 Rc6 31.Qf4 b6 32.Qe4 Rf6 33.Re8+ Kg7 34.Qa8 Rc6 35.Rg8+ Kf6
36.Rd8 Qe6 37.Rd4 Kg7 38.Rd8 Kf6 39.Rd4 Rc8 40.Qf3+ Kg7 41.Rf4  1/2-1/2

[Event "Catania op"]
[Site "Catania"]
[Date "1995.??.??"]
[Round "4"]
[White "Godena, Michele"]
[Black "Marinelli, Tullio"]
[Result "1-0"]
[WhiteElo "2420"]
[BlackElo "2440"]

1.e4 c5 2.c3 Nf6 3.e5 Nd5 4.Nf3 e6 5.d4 cxd4 6.cxd4 d6 7.Bc4 Nb6 8.Bd3 Bd7
9.Nc3 Bc6 10.O-O N8d7 11.Qe2 Be7 12.Rd1 a6 13.Bf4 Bxf3 14.Qxf3 d5 15.Rac1 Nb8
16.Ne2 Nc6 17.Bd2 g6 18.a3 Bg5 19.g3 h5 20.Bxg5 Qxg5 21.h4 Qe7 22.Kg2 O-O
23.Qf4 Kg7 24.Ng1 Na5 25.Nf3 Rac8 26.Ng5 Na4 27.Rxc8 Rxc8 28.Rc1 Rxc1 29.Qxc1 Nb6
30.Qf4 Nac4 31.b3 Nxa3 32.g4 hxg4 33.Qxg4 Kf8 34.h5 gxh5 35.Qxh5 Ke8 36.Nxf7 Kd7
37.Nd6 Nc8 38.Nxb7 Kc7 39.Nc5 Nb5 40.Nxa6+ Kb6 41.Bxb5 Kxb5 42.Qe2+ Kb6 43.Nc5 Qg5+
44.Kf1  1-0

[Event "Catania op"]
[Site "Catania"]
[Date "1995.??.??"]
[Round "5"]
[White "Gueci, Riccardo"]
[Black "Martorelli, Antonio"]
[Result "1-0"]
[WhiteElo "2175"]
[BlackElo "2320"]

1.e4 c5 2.c3 Nf6 3.e5 Nd5 4.d4 cxd4 5.Nf3 e6 6.cxd4 d6 7.Bc4 Nb6 8.Bb3 dxe5
9.Nxe5 Bb4+ 10.Nc3 Nc6 11.Nxc6 bxc6 12.O-O O-O 13.Bf4 Nd5 14.Nxd5 cxd5 15.Qd3 a5
16.Bc2 Qh4 17.Qe3 Ba6 18.Rfc1 Rfc8 19.h3 Qd8 20.Qg3 Bf8 21.Rab1 Bc4 22.Bb3 a4
23.Bxc4 dxc4 24.Rd1 Qd5 25.Bd2 Rab8 26.Bc3 Rb5 27.Re1 Bd6 28.Qg4 Rcb8 29.a3 h5
30.Qd1 h4 31.Rc1 Qf5 32.Qg4 Qxg4 33.hxg4 Bf4 34.Rc2 Rg5 35.f3 Bd6 36.Bd2 Rd5
37.Re4 Rb3 38.Be1 Bg3 39.Bc3 Kh7 40.Kf1 Rdb5 41.Ree2 Kg6 42.Bb4 Rd3 43.Red2 Bf4
44.Rxd3 cxd3 45.Rc3 Bd2 46.Rc5 Rxc5 47.dxc5 Bf4 48.c6 Bc7 49.Ke1 Kg5 50.Bd2+ Kf6
51.Bc3+ Ke7 52.Kd2 Kd6 53.Kxd3 Kxc6 54.Kc4 Bd6 55.Bxg7 Be7 56.Bd4 f5 57.gxf5 exf5
58.Be5 Bf8 59.Bf6 Bd6 60.Bc3 Be7 61.Be5 Bd8 62.Kb4 Kd5 63.Bg7 Be7+ 64.Kxa4 Kc4
65.b4 Kd3 66.Kb5 Ke3 67.a4 Kf2 68.a5 Kxg2 69.a6 f4 70.a7 h3 71.a8=Q h2 72.Qa2+ Kxf3
73.Qxh2  1-0

[Event "Catania op"]
[Site "Catania"]
[Date "1995.??.??"]
[Round "5"]
[White "Manca, Federico"]
[Black "Parrella, Alfredo"]
[Result "1-0"]
[WhiteElo "2355"]
[BlackElo "2225"]

1.e4 c5 2.c3 Nf6 3.e5 Nd5 4.d4 cxd4 5.Nf3 Nc6 6.Bc4 Nb6 7.Bb3 d6 8.exd6 Qxd6
9.O-O g6 10.Ng5 e6 11.Qf3 Qe7 12.Ne4 f5 13.Ng5 Bg7 14.Re1 Nd8 15.cxd4 Bxd4
16.Nc3 O-O 17.Nb5 Bf6 18.Qg3 Qb4 19.Nc3 Kg7 20.Bf4 Re8 21.Qh4 h5 22.Nxe6+ Kh7
23.Qxf6 Bxe6 24.Bxe6 Nxe6 25.Rxe6 Rxe6 26.Qf7+ Kh8 27.Qxe6 Qxf4 28.Qxg6 Qg4
29.Qf6+ Kg8 30.h3 Qf4 31.Re1 h4 32.Qg6+ Kh8 33.Re7 Qc1+ 34.Nd1  1-0

[Event "Catania op"]
[Site "Catania"]
[Date "1995.??.??"]
[Round "5"]
[White "Bouaziz, Slim"]
[Black "Ortega, Alejandro"]
[Result "1-0"]
[WhiteElo "2435"]
[BlackElo "2330"]

1.e4 c5 2.c3 Nf6 3.e5 Nd5 4.Nf3 Nc6 5.d4 cxd4 6.cxd4 d6 7.exd6 Qxd6 8.Nc3 g6
9.Qb3 Nxc3 10.bxc3 Bg7 11.Ba3 Qe6+ 12.Be2 O-O 13.Rd1 Na5 14.Qb4 b6 15.d5 Qf6
16.Nd4 e6 17.d6 Bb7 18.O-O Rfd8 19.Nb5 Rd7 20.Nc7 Rc8 21.Bb5 Qg5 22.g3 Rdd8
23.f4 Qh5 24.d7 Qh3 25.Rd2 Bf8 26.dxc8=Q Rxc8 27.Qb2 Bxa3 28.Qxa3 Rxc7 29.Rd8+ Kg7
30.Qf8+ Kf6 31.Qh8+ Ke7 32.Re8+ Kd6 33.Qe5+  1-0

[Event "Catania op"]
[Site "Catania"]
[Date "1995.??.??"]
[Round "7"]
[White "Manca, Federico"]
[Black "Ortega, Alejandro"]
[Result "1/2-1/2"]
[WhiteElo "2355"]
[BlackElo "2330"]

1.e4 c5 2.c3 Nf6 3.e5 Nd5 4.d4 cxd4 5.Nf3 Nc6 6.Bc4 Nb6 7.Bb3 g6 8.cxd4 Bg7
9.Bf4 O-O 10.Nc3 d6 11.h3 Bf5 12.exd6 exd6 13.O-O Na5 14.Bc2 Bxc2 15.Qxc2 Rc8
16.Qd3 Qd7 17.Rfe1 Nc6 18.a3 d5 19.Ne5 Nxe5 20.Bxe5 f6 21.Bf4 a6 22.Qf3 Rfe8
23.a4 Rxe1+ 24.Rxe1 Rd8 25.b3 Nc8 26.Nxd5 Qxd5 27.Re8+ Kf7 28.Qxd5+ Rxd5
29.Rxc8 Rxd4 30.Rc7+ Kg8  1/2-1/2

[Event "Ceske Budejovice op"]
[Site "Ceske Budejovice"]
[Date "1995.??.??"]
[Round "8"]
[White "Keitlinghaus, Ludger"]
[Black "Priehoda, Vitezslav"]
[Result "1/2-1/2"]
[WhiteElo "2500"]
[BlackElo "2365"]

1.e4 c5 2.c3 Nf6 3.e5 Nd5 4.g3 Nc6 5.Bg2 e6 6.Nf3 d6 7.exd6 Bxd6 8.d4 cxd4
9.Nxd4 Nxd4 10.Qxd4 O-O 11.O-O Qc7 12.Nd2 Bd7 13.Nb3 Bc6 14.Qh4 e5 15.Rd1 Be7
16.Bg5 Bxg5 17.Qxg5 h6  1/2-1/2

[Event "CZE-ch2"]
[Site "Cesky Brod"]
[Date "1995.??.??"]
[Round "?"]
[White "Suran, Jan"]
[Black "Rehak, Martin"]
[Result "1-0"]
[WhiteElo "2215"]
[BlackElo "2170"]

1.e4 c5 2.c3 Nf6 3.e5 Nd5 4.d4 cxd4 5.Nf3 Nc6 6.cxd4 e6 7.Nc3 Nxc3 8.bxc3 d6
9.exd6 Bxd6 10.Bd3 Be7 11.O-O O-O 12.Re1 b6 13.h4 Bxh4 14.Nxh4 Qxh4 15.Re4 Qd8
16.Qh5 g6 17.Qh6 f5 18.Bg5 Qd7 19.Re3 Na5 20.Rae1 Re8 21.Bf6 Qf7 22.Bb5 Rf8
23.Bg5 a6 24.Bd3 Bd7 25.d5 Rfe8 26.Bxf5 Qg7 27.Bxe6+ Bxe6 28.Qxg7+ Kxg7 29.Rxe6 Rxe6
30.Rxe6  1-0

[Event "Ceuta"]
[Site "Ceuta"]
[Date "1995.??.??"]
[Round "7"]
[White "Glavina, Pablo"]
[Black "Komljenovic, Davor"]
[Result "1/2-1/2"]
[WhiteElo "2400"]
[BlackElo "2465"]

1.e4 c5 2.c3 Nf6 3.e5 Nd5 4.d4 cxd4 5.Nf3 e6 6.cxd4 d6 7.Nc3 Nxc3 8.bxc3 Qc7
9.Bd2 Bd7 10.Bd3 Bc6 11.O-O Nd7 12.Bf4 dxe5 13.Nxe5 Bd6 14.Re1 Nxe5 15.Bxe5 O-O-O
16.a4 Kb8 17.Qb3 Bxe5 18.Rxe5 Rd5 19.Rxd5 Bxd5 20.c4 Bc6 21.d5 Qe5 22.dxc6 Qxa1+
23.Bf1 b6 24.Qg3+ e5 25.Qxg7 Rc8 26.Qf6 Qd4 27.g3 Qd8 28.Qxe5+ Qc7 29.Qf5 Qxc6
30.h4 Qe6 31.Qxh7 a5 32.Kh2 Rd8 33.Qc2 Qe5 34.Qb3 Rd6 35.Bg2 Kc7 36.c5 bxc5
37.Qxf7+ Kd8 38.Qa7 Rd4 39.Qxa5+ Ke7 40.f4 Qd6 41.Qa7+ Kf6 42.Qa8 Kg7 43.a5 Rxf4
44.gxf4 Qxf4+ 45.Kg1 Qe3+ 46.Kf1 Qd3+ 47.Kf2 Qd4+ 48.Kf3 Qf6+ 49.Ke2 Qb2+
50.Kd3 Qd4+ 51.Ke2 Qb2+ 52.Kf3 Qf6+ 53.Kg4 Qe6+  1/2-1/2

[Event "Chambery"]
[Site "Chambery"]
[Date "1995.??.??"]
[Round "?"]
[White "De Kleuver, Esther"]
[Black "Calzetta, Monica"]
[Result "1-0"]
[WhiteElo "2155"]
[BlackElo "2130"]

1.e4 c5 2.c3 Nf6 3.e5 Nd5 4.d4 cxd4 5.Nf3 e6 6.cxd4 b6 7.Nc3 Nxc3 8.bxc3 Qc7
9.Be2 Qxc3+ 10.Bd2 Qa3 11.Rc1 Ba6 12.Ng5 Bb4 13.O-O Bxd2 14.Qxd2 Nc6 15.Rc3 Qa5
16.Bxa6 Qxa6 17.Qf4 Rf8 18.Nxh7 Rh8 19.Qh4 f6 20.exf6 O-O-O 21.fxg7 Rhg8
22.Qg4 Kb7 23.Nf6 Nxd4 24.Qxd4 Rxg7 25.Ne8  1-0

[Event "Coimbra-chT"]
[Site "Coimbra"]
[Date "1995.??.??"]
[Round "6"]
[White "Mendes, CA."]
[Black "Babo, Miguel"]
[Result "1-0"]
[WhiteElo "1915"]
[BlackElo "1825"]

1.e4 c5 2.c3 Nf6 3.e5 Nd5 4.d4 e6 5.Nf3 Nc6 6.Bd3 cxd4 7.cxd4 Qb6 8.O-O Nxd4
9.Nxd4 Qxd4 10.Re1 Nb4 11.Re3 Be7 12.a3 Nxd3 13.Qxd3 Qxd3 14.Rxd3 b6 15.Be3 O-O
16.Nc3 Ba6 17.Rd2 Rfd8 18.Rad1 Bc8 19.Nb5 f6 20.f4 fxe5 21.fxe5 Rf8 22.Nd6 Bxd6
23.exd6 Ba6 24.Rc2 Bb5 25.Rdc1 Bc6 26.Bg5 Rac8 27.Be7 Rf5 28.Rxc6 dxc6 29.d7 Ra8
30.Rxc6 Rc5 31.Bxc5  1-0

[Event "Copenhagen BSF-B"]
[Site "Copenhagen"]
[Date "1995.??.??"]
[Round "1"]
[White "Pedersen, H."]
[Black "Adamski, Jan"]
[Result "1/2-1/2"]
[WhiteElo "2225"]
[BlackElo "2390"]

1.e4 c5 2.c3 Nf6 3.e5 Nd5 4.Nf3 e6 5.Bc4 d6 6.d4 cxd4 7.cxd4 Nc6 8.O-O Be7
9.Re1 O-O 10.Nc3 Nxc3 11.bxc3 dxe5 12.Nxe5 Nxe5 13.Rxe5 Qc7 14.Qe2 Bd7 15.Bd2 Rac8
16.Bd3 g6 17.g3 Rfe8 18.Re1 Bf8 19.h4 Bg7 20.Rc5 Qd6 21.Bf4 Qf8 22.Rxc8 Rxc8
23.Qb2 Bc6 24.Be5 Qd8 25.Bxg7 Kxg7 26.c4 Qf6 27.Be4 Bxe4 28.Rxe4 b6 29.Rf4 Qe7  1/2-1/2

[Event "Copenhagen op17"]
[Site "Copenhagen"]
[Date "1995.??.??"]
[Round "1"]
[White "Schandorff, Lars"]
[Black "Ostergaard, Rasmus"]
[Result "1/2-1/2"]
[WhiteElo "2450"]
[BlackElo "2180"]

1.e4 c5 2.c3 Nf6 3.e5 Nd5 4.Nf3 e6 5.Bc4 d6 6.d4 cxd4 7.cxd4 Nb6 8.Bd3 Bd7
9.O-O Bc6 10.Nc3 N8d7 11.exd6 Bxd6 12.Re1 h6 13.Qe2 O-O 14.Ne4 Nf6 15.Nxf6+ Qxf6
16.Ne5 Bd5 17.Bd2 Rac8 18.a4 Rc7 19.a5 Nd7 20.f4 Rfc8 21.a6 b6 22.Bb5 Nb8
23.Rac1 Nc6 24.Bxc6 Bxc6 25.Nxc6 Rxc6 26.Qe4 Rxc1 27.Rxc1 Rxc1+ 28.Bxc1 Qd8
29.Be3 Qc7 30.d5 exd5 31.Qxd5 Bxf4 32.Bxf4 Qxf4 33.Qa8+ Kh7 34.Qxa7 Qd4+  1/2-1/2

[Event "Sommerskak"]
[Site "Copenhagen"]
[Date "1995.??.??"]
[Round "1"]
[White "Schandorff, Lars"]
[Black "Nielsen, Uffe V"]
[Result "1-0"]
[WhiteElo "2490"]
[BlackElo "2375"]

1.e4 c5 2.c3 Nf6 3.e5 Nd5 4.Nf3 e6 5.Bc4 d6 6.d4 cxd4 7.cxd4 Nb6 8.Bd3 Bd7
9.O-O Bc6 10.Nc3 N8d7 11.Bc2 Qc7 12.Re1 dxe5 13.dxe5 Be7 14.Nd4 Nd5 15.Qg4 g6
16.Qg3 Nxc3 17.bxc3 Nc5 18.Bh6 O-O-O 19.Nxc6 Qxc6 20.Qf4 Nd3 21.Bxd3 Rxd3
22.Qxf7 Bc5 23.Rad1 Rd7 24.Qxd7+ Qxd7 25.Rxd7 Kxd7 26.Rd1+ Kc7 27.Kf1 b5
28.Ke2 a6 29.Rd3 Rd8 30.Rf3 Kc6 31.Rf6 Re8 32.Rf7 Re7 33.Rf3 Rd7 34.Be3 Ba3
35.Rf4 Kd5 36.Rd4+ Kc6 37.Rf4 Rd5 38.Bd4 Rd7 39.Rf6 Re7 40.Ke3 Kd5 41.Rf8 Kc6
42.Ra8  1-0

[Event "Copenhagen K41"]
[Site "Copenhagen"]
[Date "1995.??.??"]
[Round "2"]
[White "Schandorff, Lars"]
[Black "Wang Zili"]
[Result "0-1"]
[WhiteElo "2450"]
[BlackElo "2505"]

1.e4 c5 2.c3 Nf6 3.e5 Nd5 4.Nf3 Nc6 5.d4 cxd4 6.cxd4 d6 7.Bc4 Nb6 8.Bb3 d5
9.Be3 Bf5 10.Nh4 Bxb1 11.Rxb1 e6 12.Nf3 Bb4+ 13.Kf1 O-O 14.Ng5 h6 15.h4 Ne7
16.Nf3 f5 17.exf6 Rxf6 18.g4 Nc4 19.Kg2 Nxe3+ 20.fxe3 Qd6 21.Qd3 Raf8 22.Rbf1 Nc6
23.h5 R8f7 24.Nh4 Be1 25.Rxf6 Qg3+ 26.Kf1 Rxf6+ 27.Ke2 Nb4  0-1

[Event "Copenhagen"]
[Site "Copenhagen"]
[Date "1995.??.??"]
[Round "2"]
[White "Antonsen, Mikkel"]
[Black "Petersen, Soren"]
[Result "1-0"]
[WhiteElo "2400"]
[BlackElo "2220"]

1.e4 c5 2.c3 Nf6 3.e5 Nd5 4.d4 cxd4 5.Nf3 e6 6.cxd4 Nc6 7.Nc3 Nxc3 8.bxc3 d6
9.exd6 Bxd6 10.Bd3 h6 11.O-O O-O 12.Re1 Bd7 13.Bc2 Qc7 14.Qd3 f5 15.Bb3 Rae8
16.c4 b6 17.Bb2 Nb4 18.Qd2 a5 19.a3 Na6 20.Ne5 a4 21.Ba2 Bc8 22.Rac1 Bxe5
23.Rxe5 Rd8 24.Qe2 Rf6 25.c5 bxc5 26.Bxe6+ Kh7 27.d5 Qd6 28.Re3 Rg6 29.Bf7 Rg5
30.h4 Rg4 31.h5 Nc7 32.Be5 Qb6 33.Bg6+ Rxg6 34.hxg6+ Qxg6 35.Rg3  1-0

[Event "Copenhagen K41"]
[Site "Copenhagen"]
[Date "1995.??.??"]
[Round "3"]
[White "Antonsen, Mikkel"]
[Black "Kjeldsen, Jens"]
[Result "0-1"]
[WhiteElo "2400"]
[BlackElo "2410"]

1.e4 c5 2.c3 Nf6 3.e5 Nd5 4.d4 cxd4 5.Nf3 e6 6.cxd4 b6 7.Nc3 Nxc3 8.bxc3 Qc7
9.Bd2 Bb7 10.Ng5 h6 11.Nxf7 Kxf7 12.Bd3 Nc6 13.Qh5+ Kg8 14.O-O Ne7 15.Rae1 Qc8
16.c4 Qe8 17.Qh3 g6 18.d5 Nf5 19.Be4 h5 20.Bg5 Qf7 21.Qb3 Rh7 22.Rd1 Bc5
23.Rd3 Rc8 24.Rfd1 h4 25.Kh1 Re8 26.Bf6 Bxf2 27.Rh3 Bc5 28.Qf3 Bf8 29.Qg4 Bg7
30.dxe6 dxe6 31.Bxb7 Qxb7 32.Qxg6 Qf7 33.Qg5 Kh8 34.g4 hxg3 35.Rxh7+ Kxh7
36.hxg3 Bxf6  0-1

[Event "Copenhagen op2"]
[Site "Copenhagen"]
[Date "1995.??.??"]
[Round "6"]
[White "Greger, Roland"]
[Black "Fries Nielsen, Jens Ove"]
[Result "0-1"]
[WhiteElo "2290"]
[BlackElo "2415"]

1.e4 c5 2.c3 Nf6 3.e5 Nd5 4.d4 cxd4 5.Nf3 Nc6 6.Bc4 Nb6 7.Bb3 d5 8.exd6 Qxd6
9.O-O Be6 10.Na3 dxc3 11.Nb5 Qxd1 12.Rxd1 Rc8 13.Bxe6 fxe6 14.bxc3 g6 15.Rb1 Na4
16.Bf4 Bg7 17.Ng5 O-O 18.Nxe6 Rxf4 19.Nxf4 a6 20.Na7 Nxa7 21.Rxb7 Nxc3 22.Nd5 Nxd5
23.Rxa7 Nc3 24.Re1 Nxa2 25.Rxa6 Nb4 26.Ra4 Nd3 27.Rb1 Rc2 28.Rd1 Bf6 29.Rf1 g5
30.g3 h5 31.Ra3 Nxf2 32.Ra5 Ng4 33.Ra4 Nxh2 34.Rf2 Rxf2 35.Kxf2 Ng4+ 36.Kf3 Kf7
37.Ke4 Kg6 38.Ra8 Nh6 39.Ra5 Nf7 40.Ra8 Nd6+ 41.Kf3 g4+ 42.Kg2 Kf5 43.Rg8 Ne4
44.Rf8 Kg6 45.Ra8 Be5 46.Ra6+ Bd6  0-1

[Event "Copenhagen K41"]
[Site "Copenhagen"]
[Date "1995.??.??"]
[Round "6"]
[White "Schandorff, Lars"]
[Black "Rausis, Igors"]
[Result "0-1"]
[WhiteElo "2450"]
[BlackElo "2495"]

1.e4 c5 2.c3 Nf6 3.e5 Nd5 4.Nf3 Nc6 5.d4 cxd4 6.Bc4 e6 7.cxd4 d6 8.O-O Be7
9.exd6 Qxd6 10.Nc3 O-O 11.Re1 Nxc3 12.bxc3 b6 13.Bd3 Bb7 14.Qe2 Rac8 15.Bd2 Rfe8
16.h4 Qd5 17.Be4 Qh5 18.Bg5 Bf8 19.Rac1 h6 20.Bd2 Na5 21.Bxb7 Nxb7 22.Qa6 Nd6
23.c4 Qg4 24.Be3 Rc7 25.c5 Nf5 26.cxb6 Rxc1 27.Rxc1 axb6 28.Qxb6 Ra8 29.Qb1 Nxh4
30.Nxh4 Qxh4 31.g3 Qg4 32.Kg2 Bd6 33.Rc6 Bf8 34.Qc2 Rxa2 35.Qxa2 Qe4+ 36.f3 Qxc6
37.Qd2 h5 38.Bf4 Qd5 39.Qe3 f6 40.Qe4 Qxe4 41.fxe4 g5 42.Bd2 Kf7 43.Kf2 Kg6
44.Ke3 Bd6 45.Be1 f5 46.Kd3 Bb8 47.Bf2 Bc7 48.Be1 Bd6 49.Ke3 g4 50.Kd3 Bb8
51.Ke3 Kg5 52.e5 Bc7 53.Bd2 Kg6 54.Kd3 Kf7 55.Kc4 Ke7 56.Bf4 Kd7 57.d5 Bd8
58.d6 h4 59.gxh4 Bxh4 60.Kd3 g3 61.Ke2 g2 62.Bh2 Bg3  0-1

[Event "Copenhagen op2"]
[Site "Copenhagen"]
[Date "1995.??.??"]
[Round "8"]
[White "Greger, Roland"]
[Black "Bekker Jensen, David"]
[Result "1/2-1/2"]
[WhiteElo "2290"]
[BlackElo "2200"]

1.e4 c5 2.c3 Nf6 3.e5 Nd5 4.d4 cxd4 5.Nf3 e6 6.cxd4 b6 7.Nc3 Nxc3 8.bxc3 Qc7
9.Bd2 Bb7 10.Bd3 d6 11.O-O Nd7 12.Re1 dxe5 13.Nxe5 Nxe5 14.Rxe5 Bd6 15.Rh5 g6
16.Rh3 O-O 17.a4 Bf4 18.Be1 Rac8 19.a5 f5 20.axb6 axb6 21.c4 Rfd8 22.Bf1  1/2-1/2

[Event "ESP-chT"]
[Site "Cordoba"]
[Date "1995.??.??"]
[Round "3"]
[White "Rodriguez Talavera, Juan Carlos"]
[Black "Estremera Panos, Sergio"]
[Result "1/2-1/2"]
[WhiteElo "2420"]
[BlackElo "2320"]

1.e4 c5 2.c3 Nf6 3.e5 Nd5 4.g3 d6 5.exd6 e6 6.Nf3 Bxd6 7.Bg2 Nc6 8.O-O O-O
9.d4 cxd4 10.Nxd4 Nxd4 11.Qxd4 Qc7 12.Nd2 Bd7 13.Ne4 Be5 14.Qd1 Nf6 15.Nxf6+ Bxf6
16.Bf4 e5 17.Be3 Bc6 18.Qe2 Bxg2 19.Kxg2 Qc6+ 20.Qf3 e4 21.Qe2 Rfd8  1/2-1/2

[Event "CUB-ch"]
[Site "CUB"]
[Date "1995.??.??"]
[Round "7"]
[White "Arencibia, Walter"]
[Black "Vera, Reynaldo"]
[Result "1/2-1/2"]
[WhiteElo "2485"]
[BlackElo "2500"]

1.e4 c5 2.c3 Nf6 3.e5 Nd5 4.d4 cxd4 5.cxd4 d6 6.Nf3 Nc6 7.Bc4 Nb6 8.Bb3 d5
9.h3 Bf5 10.Nc3 e6 11.O-O Be7 12.Bc2 Bg6 13.Bxg6 fxg6 14.Ne2 O-O 15.b3 Rf7
16.Ne1 Nd7 17.Nd3 g5 18.Be3 Nf8 19.Qd2 Ng6 20.Rac1 h6 21.Nc5 Bxc5 22.Rxc5 Rc8
23.Rfc1 Rfc7 24.R5c3 Nce7 25.Rxc7 Rxc7 26.Rxc7 Qxc7 27.Qc1 Qd7 28.Qc3 Nf5
29.Nc1 Qf7 30.Nd3 b6 31.Nc1 Nfh4 32.Qc8+ Kh7 33.g3 Nf5 34.Kg2 Nge7 35.Qc2 Qg6
36.g4 Nh4+ 37.Kg3  1/2-1/2

[Event "CZE-chT 9495"]
[Site "?"]
[Date "1995.??.??"]
[Round "2"]
[White "Hracek, Zbynek"]
[Black "Jirovsky, Milos"]
[Result "1/2-1/2"]
[WhiteElo "2595"]
[BlackElo "2425"]

1.e4 c5 2.c3 Nf6 3.e5 Nd5 4.Nf3 Nc6 5.Bc4 Nb6 6.Be2 d5 7.exd6 e5 8.d4 cxd4
9.cxd4 Bxd6 10.dxe5 Nxe5 11.Nxe5 Bxe5 12.Qxd8+ Kxd8 13.Nc3 Be6 14.Be3 Rc8
15.O-O Ke7 16.Bf3 Nc4 17.Bxb7 Rc7 18.Nd5+ Bxd5 19.Bxd5 Nxe3 20.fxe3 f6 21.Rf2 Rhc8
22.g3 Rc2 23.Be4 Rxb2  1/2-1/2

[Event "CZE-chT 9495"]
[Site "?"]
[Date "1995.??.??"]
[Round "3"]
[White "Knazovcik, Ladislav"]
[Black "Michalek, Jan"]
[Result "1/2-1/2"]
[WhiteElo "2310"]
[BlackElo "2300"]

1.e4 c5 2.c3 Nf6 3.e5 Nd5 4.d4 cxd4 5.Nf3 e6 6.cxd4 b6 7.Nc3 Nxc3 8.bxc3 Qc7
9.Bd2 Bb7 10.Bd3 d6 11.O-O Nd7 12.Bf4 dxe5 13.Nxe5 Bd6 14.Bb5 O-O-O 15.Bxd7+ Rxd7
16.Nxd7 Bxf4 17.Ne5 f6 18.Nf3 Kb8 19.Qe2 Bd5 20.Rfb1 Qxc3 21.a4 Ka8 22.Ne1 Qxd4
23.a5 bxa5 24.Rxa5 Bc7 25.Ra3 Qe5 26.Qxe5 Bxe5 27.Nd3 Bd6 28.Ra6 Rb8 29.Rba1 Rd8
30.Rxa7+ Kb8 31.Rxg7 Be4 32.Rb1+ Ka8 33.Ra1+ Kb8 34.Rb1+ Ka8 35.Ra1+ Kb8  1/2-1/2

[Event "CZE-chT2"]
[Site "?"]
[Date "1995.??.??"]
[Round "?"]
[White "Janacek, Jaroslav"]
[Black "Belaska, Premysl"]
[Result "0-1"]
[WhiteElo "2185"]
[BlackElo "2230"]

1.e4 c5 2.c3 Nf6 3.e5 Nd5 4.d4 cxd4 5.Nf3 e6 6.cxd4 b6 7.Nc3 Nxc3 8.bxc3 Bb7
9.Bd3 Qc7 10.Bd2 d6 11.O-O Nd7 12.Qe2 a6 13.Rfe1 dxe5 14.dxe5 Nc5 15.Bc2 O-O-O
16.Nd4 Kb8 17.Rab1 f6 18.Bf4 g5 19.Bg3 f5 20.f3 h5 21.Rb2 h4 22.Bf2 h3 23.Reb1 b5
24.g3 g4 25.a4 gxf3 26.Qf1 Ne4 27.axb5 a5 28.Bxe4 Bxe4 29.Ra1 Qxc3 30.Qc1 Bb4
31.Nxe6 Rde8 32.Nf4 Qxc1+ 33.Rxc1 Ba3 34.Rcc2 Bxb2 35.Rxb2 Rxe5 36.b6 Rd8
37.Be1 Rd1 38.Kf2 Bc6 39.Ng6 Rexe1  0-1

[Event "CZE-chT1 9596"]
[Site "CZE"]
[Date "1995.??.??"]
[Round "?"]
[White "Rybak, Milan"]
[Black "Havranek, Miroslav"]
[Result "1-0"]
[WhiteElo "2260"]
[BlackElo "2280"]

1.e4 c5 2.c3 Nf6 3.e5 Nd5 4.d4 cxd4 5.Nf3 e6 6.cxd4 b6 7.Bd3 Bb7 8.O-O d6
9.Re1 Nd7 10.Ng5 Be7 11.Qh5 g6 12.Qh6 Bf8 13.Qh3 dxe5 14.Nc3 Nxc3 15.bxc3 Qe7
16.a4 f5 17.Bc4 Bd5 18.Bxd5 exd5 19.dxe5 h6 20.e6 Nc5 21.Nf7 Rh7 22.Qg3 g5
23.Qf3 Ne4 24.Qxf5 Rxf7 25.exf7+ Qxf7 26.Rxe4+ dxe4 27.Qxe4+  1-0

[Event "DEN-chT 9495"]
[Site "?"]
[Date "1995.??.??"]
[Round "4"]
[White "Pedersen, Nicolai Vesterbaek"]
[Black "Nielsen, Uffe V"]
[Result "1-0"]
[WhiteElo "2310"]
[BlackElo "2385"]

1.e4 c5 2.c3 Nf6 3.e5 Nd5 4.d4 cxd4 5.Nf3 e6 6.cxd4 d6 7.Bc4 Nb6 8.Bd3 dxe5
9.Nxe5 Bb4+ 10.Nc3 Nc6 11.Bb5 Bd7 12.Bxc6 Bxc6 13.O-O O-O 14.Qg4 Be7 15.Bh6 Bf6
16.h4 Kh8 17.Bg5 Rc8 18.Rad1 h6 19.Bxf6 Qxf6 20.Rd3 Rg8 21.Ne4 Qe7 22.Nd6 Be8
23.Nxc8 Nxc8 24.Re1 Qb4 25.Rc1 Nd6 26.b3 Qa5 27.a4 Qb4 28.d5 Qa3 29.Rcd1 Nf5
30.d6 Qb2 31.d7  1-0

[Event "DEN-chT9596"]
[Site "DEN"]
[Date "1995.??.??"]
[Round "3"]
[White "Pedersen, Steffen"]
[Black "Schandorff, Lars"]
[Result "1/2-1/2"]
[WhiteElo "2400"]
[BlackElo "2450"]

1.e4 c5 2.c3 Nf6 3.e5 Nd5 4.g3 e6 5.Bg2 d6 6.exd6 Bxd6 7.Nf3 Nc6 8.d4 O-O
9.O-O cxd4 10.Nxd4 Nxd4 11.Qxd4 Qc7 12.Nd2 Rd8 13.Re1 Be7 14.Qe4 Bd7 15.Nf3 Bc6
16.Qe2 Bf6 17.h4 b5 18.Bg5 h6 19.Bd2 Ne7 20.Nh2 Bxg2 21.Kxg2 Qb7+ 22.Kg1 Nf5
23.Ng4 Bxh4 24.Bf4 Be7 25.Be5 Rd7 26.Bf4 Rd5 27.Ne3 Nxe3 28.Bxe3 Bc5 29.Bxc5 Rxc5
30.Rad1 Rd5 31.Rxd5 Qxd5 32.Rd1 Qc6 33.Qe5 Rc8 34.Rd6 Qb7 35.Qd4 a6 36.Rd7 Qc6
37.Rd6 Qb7 38.Rd7 Rc7 39.Rd8+ Kh7 40.Qd3+ f5 41.Rd6 Re7 42.Qe2 a5  1/2-1/2